Odd One Out - Multiple Choice - Statistics

General Stats
  • This quiz has been taken 341 times
    325 since last reset
  • The average score is 9 of 20
Answer Stats
Question Answer % Correct
4 Dogs, which is not a terrier? Dalmation
87%
Which Country does not border Bosnia and Herzegovina ? Albania
80%
Which of these Caribbean Countries does not have English as the Official Language? Dominican Republic
67%
One of these Composers could not play the piano, but which one? Hector Berlioz
67%
4 Corner Monument - is the only point in the United States shared by four States: Which of these States is not one of the 4? Kansas
67%
Which human skeleton bone is the odd one out? Ulna
67%
Which of these four is the odd one out? Mestre
60%
Which one of these mixed-up letter groups is not an anagram of a country? dadrim
53%
Foods from the New World (the Americas) ..... which is from the old world? Sugar Cane
53%
Van Gogh - Which painting is not his? Woman with a Parasol
53%
Metal elements .... which is not? Sulfur
47%
Which City is furthest South? Caracas
40%
Which river is the odd one out? Niger
40%
Greek or Roman, that is the question? Poseidon
40%
Four classical music pieces - which is the odd one out? Carmen
27%
Which Country is the smallest in Area? Mexico
27%
Which snake is the odd one out? Anaconda
20%
One of these is not a town in USA, which one? Bald Coot, Montana
13%
Which Capital City is the odd one out of these four? Delhi
13%
Stars in the night sky, which is the odd one out? Sirius
0%
No matching quizzes found
Score Distribution
Percent of People with Each Score
Percentile by Number Answered
Your Score History
You have not taken this quiz since the last reset